00327 a2200109 4500001001000000005001700010008004100027245005400068100002200122773005600144999001700200ART_4524620260410161756.0260409a 10aSalidas no documentadas y proveedores apócrifos1 aGarcia Martin, A.0 tDoctrina tributariag- Nº 453 (dic. 2017)wREV4296 c20142d20142